Southville International School and Colleges
Your cart is empty.
  • Cart
  • Lists
    Public lists Eva Luna New books Lux_list list_1
    Your lists Log in to create your own lists
  • Log in to your account
  • Your cookies
  • Search history
Southville International School and Colleges
  • Advanced search
  • Recent comments
  • Most popular
  • Libraries

Log in to your account

Log in with GOOGLE


If you do not have an external account, but do have a local account, you can still log in:

  1. Home
  2. MARC view: Meltdown at the wax museum /
Normal view MARC view ISBD view

Meltdown at the wax museum / (Record no. 103495)

[ view plain ]
MARC details
000 -LEADER
fixed length control field 00568nam a2200205 a 4500
005 - DATE AND TIME OF LATEST TRANSACTION
control field 20140412111303.0
008 - FIXED-LENGTH DATA ELEMENTS--GENERAL INFORMATION
fixed length control field 001116s19uu xx 00 eng d
020 ## - INTERNATIONAL STANDARD BOOK NUMBER
International Standard Book Number 0-307-12895-4
050 ## - LIBRARY OF CONGRESS CALL NUMBER
Classification number ER
Item number Me46 1995
100 ## - MAIN ENTRY--PERSONAL NAME
Personal name Birney, Betty
245 ## - TITLE STATEMENT
Title Meltdown at the wax museum /
Statement of responsibility, etc Betty Birney ; illustrated by Animated Arts.
260 ## - PUBLICATION, DISTRIBUTION, ETC. (IMPRINT)
Place of publication, distribution, etc New York :
Name of publisher, distributor, etc A Golden Book.
300 ## - PHYSICAL DESCRIPTION
Extent 1 v. (unp.)
440 ## - SERIES STATEMENT/ADDED ENTRY--TITLE
Title Golden look-look book
650 ## - SUBJECT ADDED ENTRY--TOPICAL TERM
Topical term or geographic name as entry element Reading
650 ## - SUBJECT ADDED ENTRY--TOPICAL TERM
Topical term or geographic name as entry element Museums -- Fiction
650 ## - SUBJECT ADDED ENTRY--TOPICAL TERM
Topical term or geographic name as entry element Animated Arts, ill.
Holdings
Withdrawn status Lost status Damaged status Use restrictions Home library Current library Shelving location Date acquired Source of acquisition Total Checkouts Full call number Barcode Date last seen Price effective from Koha item type
        Elizalde Library Elizalde Library Easy Reading Section 11/16/2000     ER Me46 1995 E5033 04/12/2014 04/12/2014 Books
        Elizalde Library Elizalde Library Easy Reading Section 03/20/2001     ER Me46 1995 E7092 04/12/2014 04/12/2014 Books

Meltdown at the wax museum /

APA

Birney B., .Meltdown at the wax museum. New York: A Golden Book.

Chicago

Birney Betty, .Meltdown at the wax museum. New York: A Golden Book.

Harvard

Birney B., .Meltdown at the wax museum. New York: A Golden Book.

MLA

Birney Betty, .New York: A Golden Book. .

  • Place hold
  • Print
  • Cite
  • Add to your cart (remove)
  • Save record
    BIBTEX Dublin Core MARCXML MARC (non-Unicode/MARC-8) MARC (Unicode/UTF-8) MARC (Unicode/UTF-8, Standard) MODS (XML) RIS
  • More searches
    Search for this title in:
    Other Libraries (WorldCat) Other Databases (Google Scholar) Online Stores (Bookfinder.com) Open Library (openlibrary.org)

Exporting to Dublin Core...

SOUTHVILLE LIBRARY

Southville International School and Colleges Library

1281 Tropical Ave. Cor. Luxembourg St., BF Homes International, Las Pinas City

Tel. No. 8256374 / 252358 Loc. 117/146

Powered by Koha